| 000 | 00607cam a22002171 4500 | ||
|---|---|---|---|
| 001 | he 68000754 | ||
| 003 | DLC | ||
| 005 | 20260227111455.0 | ||
| 008 | 830602s1967 is 000 0 heb | ||
| 010 | _ahe 68000754 | ||
| 035 | _a(OCoLC)19149315 | ||
| 040 |
_aDLC _cMH _dCU _dDLC |
||
| 050 | 0 | 0 |
_aBM561 _b.B33 |
| 100 | 2 | _aBar-Shaul, Elimelech. | |
| 245 | 1 | 0 |
_aReaḥ mayim : _brishme ʻiyun be-miḳraʼot uve-midrashot / _cElimelekh Bar-Shaʼul. |
| 260 |
_aReḥovot : _bBar-El, _c[1967] |
||
| 300 |
_a159 p. ; _c22 cm. |
||
| 650 | 0 | _aJudaism. | |
| 650 | 0 | _aJewish ethics. | |
| 752 |
_aIsrael _dReḥovot |
||
| 999 |
_c33068 _d33068 |
||